The Last Word: Actors II Quiz Stats

 Plays Quiz Updated Nov 28, 2019

Score 0/36 Timer 04:00
7 Plays Today
Hint Answer % Correct
Harrison FordRunner
98%
Brad PittClub
97.9%
Robert Downey Jr.Man
96.7%
Bill MurrayDay
96.6%
Leonardo DiCaprioUnchained
96.4%
Samuel L. JacksonPlane
95.2%
Johnny DeppScissorhands
95%
Robert De NiroBull
94.7%
Sean ConneryTwice
92.3%
Robert Downey Jr.Thunder
91.3%
Bill MurrayTranslation
90.2%
Robert De NiroPlaybook
89.7%
Brad PittLife
88.6%
Spencer TracyBride
87.2%
Michael CaineRules
83.4%
Robert De NiroFrankenstein
81.6%
Brad PittMonkeys
81.2%
Leonardo DiCaprioRoad
79.7%
Hint Answer % Correct
Sidney PoitierLove
78.1%
Harrison FordInnocent
72.2%
Michael CaineSisters
71.2%
Sidney PoitierSun
71.1%
Samuel L. JacksonGoodnight
69%
Johnny DeppEnemies
66.7%
Michael CaineRita
62.7%
Sidney PoitierOnes
61.3%
Johnny DeppDiary
61.2%
Sean ConneryForrester
53.5%
Robert Downey Jr.Darkly
52.2%
Spencer TracyRock
48.7%
Bill MurrayLimited
46.7%
Spencer TracyNuremberg
45.6%
Samuel L. JacksonTerrace
41.1%
Harrison FordOwn
35.3%
Sean ConneryKnight
31.2%
Leonardo DiCaprioFlood
8.6%

You're not logged in!

Compare scores with friends on all Sporcle quizzes.
OR
Log In

Sporcle TV

Today on Sporcle TV


Watch our educational content, quiz creation guides, and fun videos on Sporcle TV.

Show Comments

Extras

Top Quizzes Today


Score Distribution

Your Account Isn't Verified!

In order to create a playlist on Sporcle, you need to verify the email address you used during registration. Go to your Sporcle Settings to finish the process.

Report this User

Report this user for behavior that violates our Community Guidelines.

Details: